Statistiche per Quiz sulla città di Roma

Clicka qui per fare il quiz!

Statistiche generali

  • Questo quiz è stato fatto 770 volte
  • Il punteggio medio è 20 su 32

Statistiche sulle risposte

CategoriaDescrizioneRisposta% Corretto
GeografiaStato indipendente circondato da RomaCittà del {Vaticano}
98%
GeografiaRegione di quale Roma è il capoluogoLazio
97%
GeografiaFiume maggiore di RomaTevere
94%
StoriaGemelli fondatori di Roma ca. 753 a.C.Romolo
91%
StoriaGemelli fondatori di Roma ca. 753 a.C.Remo
89%
MonumentiAnfiteatro il più famoso al mondoColosseo
82%
MonumentiFontana simbolica di RomaFontana di Trevi
82%
Romani famosiEx-calciatore della Roma soprannomato il PuponeFrancesco Totti
78%
CulturaPasta romana con uova, pecorino e pancettaCarbonara
76%
MonumentiPiazza famosa per la sua monumentale scalinataPiazza di {Spagna}
75%
StoriaNome comune del vescovo di RomaPapa
74%
GeografiaComune su quale si trova l'aeroporto Leonardo da VinciFiumicino
73%
CulturaSoprannome di RomaLa città {eterna}
71%
MonumentiMausoleo di Adriano diventato fortezzaCastel {Sant}'{Angelo}
70%
Romani famosiImperatore dispotico accusato del Grande incendio di RomaNerone
70%
Romani famosiGenerale che conquistò la Gallia e divenne dittatoreGiulio Cesare
69%
CulturaCentro dell'industria cinematografica italianaCinecittà
67%
MonumentiPiù grande piazza di RomaPiazza {Navona}
61%
MonumentiTermine per i luoghi di sepoltura sotterranei sotto RomaCatacombe
60%
MonumentiColonna che commemora le conquiste della Dacia, ca.100 A.D.Colonna {Traiana}
59%
MonumentiEdificio a cupola dove sono sepolti fra altri Raffaello e Vittorio Emmanuele IIPantheon
59%
GeografiaCittà in periferia dove ci sono le famose Villa d'Este e Villa AdrianaTivoli
52%
ColliSette colli di RomaQuirinale
51%
ColliSette colli di RomaPalatino
49%
ColliSette colli di RomaAventino
47%
ColliSette colli di RomaEsquilino
47%
StoriaSport antico praticato al Circo MassimoCorsa dei {carri}
42%
ColliSette colli di RomaCapitolino
41%
ColliSette colli di RomaViminale
41%
ColliSette colli di RomaCelio
35%
Romani famosiRegista di "Roma città aperta"Roberto Rossellini
21%
StoriaTerritorio che fu controlato dalla persona sopraStato {Pontifico}
13%

Distribuzione punteggi

Percentile per numero di risposta

Percentuale di utenti per punteggio

I tuoi punteggi nel tempo

Non hai fatto questo quiz